[Event "Khanty-Mansiysk Governor Cup 7th"]
[Site "Khanty-Mansiysk"]
[Date "2011.09.01"]
[Round "2"]
[White "Yuzhakov, Oleg"]
[Black "Arkhireev, Vladimir"]
[Result "1-0"]
[WhiteElo "2301"]
[BlackElo "1812"]
[PlyCount "97"]
[EventDate "2011.08.31"]
[EventType "swiss"]
[EventRounds "9"]
[EventCountry "RUS"]
[SourceTitle "CBM 144 Extra"]
[Source "ChessBase"]
[SourceDate "2011.10.28"]
[SourceVersion "1"]
[SourceVersionDate "2011.10.28"]
[SourceQuality "1"]

1. e4 e5 2. Nf3 Nf6 3. Nxe5 d6 4. Nf3 Nxe4 5. Bd3 Nf6 6. 0-0 Be7 7. h3 Nc6 8. c3 0-0 9. Bc2 Ne5 10. d4 Ng6 11. Re1 Re8 12. Nbd2 Be6 13. Ng5 Bd7 14. Ndf3 h6 15. Ne4 Qc8 16. c4 Nxe4 17. Bxe4 Bf5 18. Bd3 Bxd3 19. Qxd3 Bf6 20. Be3 Nh4 21. Nxh4 Bxh4 22. Re2 Qd7 23. d5 Bf6 24. Rae1 Re7 25. Qb3 b6 26. Qb5 Qf5 27. Bc1 Rxe2 28. Rxe2 Qb1 29. Re1 Bg5 30. Bd2 Qf5 31. Qc6 Rc8 32. Bxg5 Qxg5 33. Re3 Kh7 34. Qd7 Rf8 35. Qxc7 Re8 36. Qxd6 Rxe3 37. fxe3 Qxe3+ 38. Kh2 f5 39. Qg3 Qd4 40. Qc3 Qf4+ 41. Kg1 h5 42. b4 h4 43. c5 a5 44. a3 axb4 45. axb4 bxc5 46. bxc5 Qe4 47. d6 Kg6 48. Qc1 f4 49. Qd1 1-0

[Event "UrFO-ch op"]
[Site "Cheliabinsk"]
[Date "2011.03.26"]
[Round "9"]
[White "Arkhireev, Vladimir"]
[Black "Protasov, Valery"]
[Result "1-0"]
[WhiteElo "1816"]
[BlackElo "1721"]
[PlyCount "63"]
[EventDate "2011.03.19"]
[EventType "swiss"]
[EventRounds "9"]
[EventCountry "RUS"]
[SourceTitle "EXT 2012"]
[Source "ChessBase"]
[SourceDate "2011.11.24"]
[SourceVersion "1"]
[SourceVersionDate "2011.11.24"]
[SourceQuality "1"]

1. d4 Nf6 2. c4 d6 3. Nf3 Nbd7 4. Nc3 g6 5. e4 e5 6. Bg5 Bg7 7. dxe5 dxe5 8. Nxe5 Nxe5 9. Qxd8+ Kxd8 10. f4 Ned7 11. e5 Ke7 12. exf6+ Nxf6 13. Nb5 Kd7 14. 0-0-0+ Kc6 15. Be2 a6 16. Nc3 Be6 17. b4 Kb6 18. f5 Bxf5 19. Be3+ c5 20. Bxc5+ Kc7 21. Bd6+ Kc8 22. Na4 Kd7 23. Bf8+ Ke6 24. Bxg7 Rhd8 25. Nc5+ Ke7 26. Rde1 Be6 27. Rhf1 Ne8 28. Bh6 b6 29. Nxe6 fxe6 30. Bg5+ Kd7 31. Rd1+ Kc7 32. Rf7+ 1-0

[Event "UrFO-ch op"]
[Site "Cheliabinsk"]
[Date "2011.03.22"]
[Round "5"]
[White "Arkhireev, Vladimir"]
[Black "Povolotsky, Evgeny"]
[Result "1/2-1/2"]
[WhiteElo "1816"]
[BlackElo "1980"]
[PlyCount "125"]
[EventDate "2011.03.19"]
[EventType "swiss"]
[EventRounds "9"]
[EventCountry "RUS"]
[SourceTitle "EXT 2012"]
[Source "ChessBase"]
[SourceDate "2011.11.24"]
[SourceVersion "1"]
[SourceVersionDate "2011.11.24"]
[SourceQuality "1"]

1. d4 d5 2. c4 e6 3. Nc3 c6 4. cxd5 exd5 5. Qc2 Nf6 6. Bg5 Be7 7. e3 0-0 8. Bd3 Nbd7 9. Nge2 Re8 10. 0-0 Nf8 11. f3 h6 12. Bh4 Ne6 13. Rad1 Qa5 14. e4 dxe4 15. fxe4 Nxe4 16. b4 Qc7 17. Bxe7 Nxc3 18. Nxc3 Qxe7 19. d5 cxd5 20. Nxd5 Qg5 21. Rf5 Qg4 22. Be2 Nd4 23. Bxg4 Nxc2 24. Rf4 Bxg4 25. Rxg4 Rad8 26. Ne7+ Kf8 27. Rxd8 Rxd8 28. Nf5 Rd1+ 29. Kf2 Rd2+ 30. Kg3 g6 31. Nxh6 Ne1 32. Rf4 Rxg2+ 33. Kh3 f5 34. Nxf5 gxf5 35. Rxf5+ Kg7 36. Re5 Rxh2+ 37. Kg3 Rg2+ 38. Kh3 Rxa2 39. Rxe1 Kf6 40. Kg4 Ra4 41. Re4 a5 42. Rf4+ Ke5 43. Rf5+ Kd6 44. Kf3 axb4 45. Ke3 Kc6 46. Kd3 b5 47. Kc2 Ra3 48. Kb2 Rg3 49. Rh5 b3 50. Rf5 Kb6 51. Rf4 Ka5 52. Rf8 Ka4 53. Rf4+ b4 54. Rf8 Rg2+ 55. Ka1 b2+ 56. Ka2 b1Q+ 57. Kxb1 Ka3 58. Rf3+ b3 59. Rf1 Rg3 60. Re1 Rd3 61. Rh1 Rd2 62. Rg1 Rd3 63. Rf1 1/2-1/2

[Event "UrFO-ch op"]
[Site "Cheliabinsk"]
[Date "2011.03.19"]
[Round "1"]
[White "Berejnoi, Vladimir"]
[Black "Arkhireev, Vladimir"]
[Result "1-0"]
[WhiteElo "2202"]
[BlackElo "1816"]
[PlyCount "71"]
[EventDate "2011.03.19"]
[EventType "swiss"]
[EventRounds "9"]
[EventCountry "RUS"]
[SourceTitle "EXT 2012"]
[Source "ChessBase"]
[SourceDate "2011.11.24"]
[SourceVersion "1"]
[SourceVersionDate "2011.11.24"]
[SourceQuality "1"]

1. e4 d5 2. exd5 Qxd5 3. Nc3 Qd6 4. d4 Nf6 5. Be2 g6 6. Nb5 Qb6 7. c4 c6 8. Nc3 Bg7 9. Nf3 0-0 10. 0-0 Rd8 11. a3 Bf5 12. h3 a5 13. Bf4 Nh5 14. Na4 Qa7 15. Bc7 Rxd4 16. Nxd4 Qxd4 17. Bxh5 gxh5 18. Qxh5 Bg6 19. Qf3 Na6 20. Bb6 Qxc4 21. b3 Qd3 22. Rac1 Qxf3 23. gxf3 Kh8 24. Rfd1 Rg8 25. Rd8 Rxd8 26. Bxd8 Bh6 27. Re1 Bc2 28. Bxe7 Kg7 29. Nc3 Bxb3 30. Ne4 b5 31. Nd6 Bd5 32. Nf5+ Kg6 33. Nxh6 Kxh6 34. Re5 Nc7 35. Bd8 Ne6 36. Bxa5 1-0

[Event "Salekhard Rating"]
[Site "Salekhard"]
[Date "2009.05.20"]
[Round "?"]
[White "Arkhireev, Vladimir"]
[Black "Barbarickiy, Yuri"]
[Result "1-0"]
[WhiteElo "1763"]
[BlackElo "2016"]
[PlyCount "85"]
[EventDate "2009.05.20"]
[EventType "tourn"]
[EventRounds "11"]
[EventCountry "RUS"]
[SourceTitle "EXT 2022"]
[Source "ChessBase"]
[SourceDate "2021.10.06"]
[SourceVersion "1"]
[SourceVersionDate "2021.10.06"]
[SourceQuality "1"]

1. d4 d5 2. e3 c5 3. c3 cxd4 4. exd4 Nf6 5. Bd3 Nc6 6. f4 Qc7 7. Nf3 Bg4 8. 0-0 e6 9. Qe1 Bxf3 10. Rxf3 Bd6 11. Qh4 0-0-0 12. Be3 h6 13. h3 Rdg8 14. f5 e5 15. Rf1 exd4 16. Bf4 Ne5 17. Be2 d3 18. Bd1 Qb6+ 19. Kh1 Qxb2 20. Bb3 Re8 21. Nd2 Qa3 22. Rac1 Qc5 23. Qg3 Nh5 24. Qh4 Nxf4 25. Rxf4 Kb8 26. Rd4 g5 27. fxg6 Nxg6 28. Qf6 Be5 29. Rxd5 Qxd5 30. Qxh8 Qd8 31. Qh7 Qg5 32. Rd1 Bc7 33. Nf3 Qe7 34. Qxf7 Qe2 35. Qxg6 d2 36. Ng1 Qe5 37. g3 Rd8 38. Qg4 Qe1 39. Qe2 Qxg3 40. Rxd2 Qxc3 41. Rxd8+ Bxd8 42. Qf3 a6 43. Qxc3 1-0

[Event "Salekhard-ch"]
[Site "Salekhard"]
[Date "2009.02.16"]
[Round "11"]
[White "Sanzhina, Olga"]
[Black "Arkhireev, Vladimir"]
[Result "1-0"]
[WhiteElo "1824"]
[BlackElo "1787"]
[PlyCount "69"]
[EventDate "2009.02.12"]
[EventType "tourn"]
[EventRounds "11"]
[EventCountry "RUS"]
[SourceTitle "EXT 2022"]
[Source "ChessBase"]
[SourceDate "2021.10.06"]
[SourceVersion "1"]
[SourceVersionDate "2021.10.06"]
[SourceQuality "1"]

1. e4 e5 2. Nf3 Nf6 3. Nxe5 d6 4. Nf3 Nxe4 5. d4 d5 6. Bd3 Nc6 7. 0-0 Bg4 8. Re1 f5 9. Be2 Bd6 10. h3 Bh5 11. Nc3 Ne7 12. Ng5 Bxe2 13. Qxe2 h6 14. Ne6 Qd7 15. Nxg7+ Kd8 16. Nh5 c6 17. Qf3 Ng6 18. Ng3 Bxg3 19. fxg3 b6 20. Qh5 Ne7 21. Bf4 Kc8 22. a4 Kb7 23. a5 Rag8 24. axb6 axb6 25. Nxe4 fxe4 26. Be5 Rh7 27. Qe2 b5 28. b3 Nf5 29. g4 Nd6 30. c4 dxc4 31. Qa2 Rb8 32. bxc4 bxc4 33. Reb1+ Nb5 34. Rxb5+ cxb5 35. Qa6# 1-0

[Event "Salekhard-ch"]
[Site "Salekhard"]
[Date "2009.02.15"]
[Round "?"]
[White "Savitskiy, Sergey"]
[Black "Arkhireev, Vladimir"]
[Result "1-0"]
[WhiteElo "2101"]
[BlackElo "1787"]
[PlyCount "43"]
[EventDate "2009.02.12"]
[EventType "tourn"]
[EventRounds "11"]
[EventCountry "RUS"]
[SourceTitle "EXT 2022"]
[Source "ChessBase"]
[SourceDate "2021.10.06"]
[SourceVersion "1"]
[SourceVersionDate "2021.10.06"]
[SourceQuality "1"]

1. e4 e5 2. Nf3 Nf6 3. Nxe5 d6 4. Nf3 Nxe4 5. d4 d5 6. Bd3 Nc6 7. 0-0 Be7 8. Re1 Bg4 9. c3 f5 10. Nbd2 0-0 11. Nf1 Bd6 12. Ne3 Bf4 13. Nxg4 fxg4 14. Bxf4 Rxf4 15. Bxe4 dxe4 16. Nd2 Qe7 17. Qb3+ Kh8 18. Qxb7 Raf8 19. Qxc6 Rxf2 20. Qxe4 Qh4 21. Nf1 R2f4 22. Qxf4 1-0

[Event "Salekhard-ch"]
[Site "Salekhard"]
[Date "2009.02.13"]
[Round "?"]
[White "Semenova, Anastasia"]
[Black "Arkhireev, Vladimir"]
[Result "1-0"]
[WhiteElo "1840"]
[BlackElo "1787"]
[PlyCount "127"]
[EventDate "2009.02.12"]
[EventType "tourn"]
[EventRounds "11"]
[EventCountry "RUS"]
[SourceTitle "EXT 2022"]
[Source "ChessBase"]
[SourceDate "2021.10.06"]
[SourceVersion "1"]
[SourceVersionDate "2021.10.06"]
[SourceQuality "1"]

1. e4 e5 2. Nf3 Nf6 3. d4 exd4 4. e5 Ne4 5. Qxd4 d5 6. exd6 Nxd6 7. Nc3 Nc6 8. Qf4 Bf5 9. Bb5 Be7 10. Be3 0-0 11. Bxc6 bxc6 12. Nd4 Bd7 13. Qf3 Rb8 14. Rb1 Bf6 15. 0-0 c5 16. Nc6 Bxc6 17. Qxc6 Bd4 18. Bxd4 cxd4 19. Nd5 Re8 20. Rfd1 h6 21. h3 Qg5 22. Nxc7 Rb6 23. Qf3 Re4 24. Re1 Rxb2 25. Qa3 Nc4 26. Qd3 Rxb1 27. Rxb1 Nd6 28. Rb8+ Kh7 29. Rb4 g6 30. Qg3 Qc1+ 31. Kh2 Nf5 32. Qf3 Rf4 33. Qd5 Nh4 34. Rxd4 Nxg2 35. Kxg2 Rf5 36. Qc4 h5 37. Rd3 Qg5+ 38. Rg3 Qe7 39. Nd5 Qe1 40. Nf4 Qd2 41. Nd3 Qd1 42. a4 h4 43. Qxh4+ Rh5 44. Qc4 Rf5 45. Qc7 a5 46. Nf4 Qd4 47. Rf3 Qe4 48. h4 Qxa4 49. c4 Qd1 50. Qc6 Qd8 51. Nh3 Qxh4 52. Rxf5 Qg4+ 53. Kh2 Qxf5 54. Qb5 Qxb5 55. cxb5 a4 56. Ng5+ Kg7 57. Ne4 Kf8 58. Kg3 Ke7 59. Kf4 f6 60. Nxf6 Kxf6 61. b6 a3 62. b7 a2 63. b8Q a1Q 64. Qh8+ 1-0

[Event "Salekhard-ch"]
[Site "Salekhard"]
[Date "2009.02.12"]
[Round "1"]
[White "Barbarickiy, Yuri"]
[Black "Arkhireev, Vladimir"]
[Result "1-0"]
[WhiteElo "2024"]
[BlackElo "1787"]
[PlyCount "73"]
[EventDate "2009.02.12"]
[EventType "tourn"]
[EventRounds "11"]
[EventCountry "RUS"]
[SourceTitle "EXT 2022"]
[Source "ChessBase"]
[SourceDate "2021.10.06"]
[SourceVersion "1"]
[SourceVersionDate "2021.10.06"]
[SourceQuality "1"]

1. Nf3 Nf6 2. g3 d5 3. Bg2 c6 4. d3 Nbd7 5. Nbd2 e6 6. 0-0 Bc5 7. Re1 Qb6 8. e3 0-0 9. c3 a5 10. Qe2 Qc7 11. e4 dxe4 12. Nxe4 Nxe4 13. Qxe4 Nf6 14. Qc4 b6 15. d4 Bd6 16. Ne5 Bxe5 17. Rxe5 Nd5 18. Qa4 b5 19. Qc2 Bb7 20. Rh5 Nf6 21. Rh4 g6 22. Bg5 Nd5 23. Qe4 Ra7 24. Rxh7 f5 25. Rxc7 fxe4 26. Rd7 Rf5 27. h4 Nf6 28. Bxf6 Rxf6 29. Bxe4 Rf7 30. Rd6 Rf6 31. Bxc6 Bxc6 32. Rxc6 Raf7 33. f4 Rb7 34. Re1 Kf7 35. Re5 a4 36. a3 Ke7 37. d5 1-0

[Event "Salekhard Rating"]
[Site "Salekhard"]
[Date "2008.05.10"]
[Round "10"]
[White "Barbarickiy, Yuri"]
[Black "Arkhireev, Vladimir"]
[Result "1/2-1/2"]
[WhiteElo "2039"]
[BlackElo "1912"]
[PlyCount "41"]
[EventDate "2008.05.01"]
[EventType "tourn"]
[EventRounds "10"]
[EventCountry "RUS"]
[SourceTitle "EXT 2022"]
[Source "ChessBase"]
[SourceDate "2021.10.06"]
[SourceVersion "1"]
[SourceVersionDate "2021.10.06"]
[SourceQuality "1"]

1. d4 d5 2. c4 e6 3. Nc3 Nf6 4. Bg5 Nbd7 5. Nf3 Be7 6. e3 0-0 7. Bd3 dxc4 8. Bxc4 c6 9. 0-0 h6 10. Bh4 Nd5 11. Bxe7 Qxe7 12. Rc1 Nxc3 13. Rxc3 e5 14. Bb3 e4 15. Nd2 Nf6 16. Qc2 Bg4 17. Rc5 Nd7 18. Rc3 Nf6 19. Rc5 Nd7 20. Rc3 Nf6 21. Rc5 1/2-1/2

[Event "Salekhard Rating"]
[Site "Salekhard"]
[Date "2008.05.08"]
[Round "8"]
[White "Belyakov, Bogdan"]
[Black "Arkhireev, Vladimir"]
[Result "1-0"]
[WhiteElo "2231"]
[BlackElo "1912"]
[PlyCount "33"]
[EventDate "2008.05.01"]
[EventType "tourn"]
[EventRounds "10"]
[EventCountry "RUS"]
[SourceTitle "EXT 2022"]
[Source "ChessBase"]
[SourceDate "2021.10.06"]
[SourceVersion "1"]
[SourceVersionDate "2021.10.06"]
[SourceQuality "1"]

1. e4 e5 2. f4 Nf6 3. fxe5 Nxe4 4. Nf3 Ng5 5. d4 Nxf3+ 6. Qxf3 Nc6 7. c3 d6 8. Bc4 Qe7 9. 0-0 Be6 10. Ba6 Bc8 11. Bb5 Bd7 12. exd6 Qxd6 13. Qxf7+ Kd8 14. Bg5+ Kc8 15. Na3 Be6 16. Qe8+ Nd8 17. Bxd8 1-0

[Event "Salekhard Rating"]
[Site "Salekhard"]
[Date "2008.05.07"]
[Round "7"]
[White "Arkhireev, Vladimir"]
[Black "Zhdanov, Andrey"]
[Result "0-1"]
[WhiteElo "1912"]
[BlackElo "2005"]
[PlyCount "42"]
[EventDate "2008.05.01"]
[EventType "tourn"]
[EventRounds "10"]
[EventCountry "RUS"]
[SourceTitle "EXT 2022"]
[Source "ChessBase"]
[SourceDate "2021.10.06"]
[SourceVersion "1"]
[SourceVersionDate "2021.10.06"]
[SourceQuality "1"]

1. d4 d5 2. c4 e6 3. Nc3 Nf6 4. Bg5 Be7 5. Nf3 0-0 6. e3 h6 7. Bh4 Nbd7 8. Bd3 a6 9. 0-0 dxc4 10. Bxc4 b5 11. Bd3 c5 12. Bb1 Bb7 13. Qc2 cxd4 14. exd4 b4 15. Ne5 g5 16. Bxg5 hxg5 17. f4 bxc3 18. fxg5 Ne4 19. Qe2 Nxe5 20. dxe5 Qd4+ 21. Kh1 Qxe5 0-1

[Event "Salekhard Rating"]
[Site "Salekhard"]
[Date "2008.04.02"]
[Round "9"]
[White "Shulgin, Viacheslav"]
[Black "Arkhireev, Vladimir"]
[Result "1-0"]
[WhiteElo "1831"]
[BlackElo "1912"]
[PlyCount "43"]
[EventDate "2008.03.29"]
[EventType "tourn"]
[EventRounds "9"]
[EventCountry "RUS"]
[SourceTitle "EXT 2022"]
[Source "ChessBase"]
[SourceDate "2021.10.06"]
[SourceVersion "1"]
[SourceVersionDate "2021.10.06"]
[SourceQuality "1"]

1. e4 e5 2. Nf3 Nf6 3. Nc3 Bb4 4. d3 Nc6 5. Bd2 d5 6. h3 0-0 7. a3 Bxc3 8. Bxc3 dxe4 9. Nxe5 Nxe5 10. Bxe5 Re8 11. d4 e3 12. fxe3 Ne4 13. Qf3 f6 14. Qxe4 fxe5 15. Bc4+ Kh8 16. 0-0 exd4 17. Qxd4 Qg5 18. Rf3 Bf5 19. Raf1 Be4 20. R3f2 h6 21. Bd3 Rad8 22. Bxe4 1-0

[Event "Salekhard Rating"]
[Site "Salekhard"]
[Date "2008.03.30"]
[Round "3"]
[White "Sokolov, Ivan1"]
[Black "Arkhireev, Vladimir"]
[Result "1-0"]
[WhiteElo "1905"]
[BlackElo "1912"]
[PlyCount "65"]
[EventDate "2008.03.29"]
[EventType "tourn"]
[EventRounds "9"]
[EventCountry "RUS"]
[SourceTitle "EXT 2022"]
[Source "ChessBase"]
[SourceDate "2021.10.06"]
[SourceVersion "1"]
[SourceVersionDate "2021.10.06"]
[SourceQuality "1"]

1. d4 f5 2. c4 Nf6 3. Nc3 g6 4. e3 Bg7 5. Bd3 0-0 6. Nf3 d6 7. 0-0 c6 8. b3 d5 9. Bb2 e6 10. Ne5 Nbd7 11. f4 Ne4 12. Nxe4 fxe4 13. Be2 Qe7 14. Qd2 Rd8 15. Qc2 c5 16. cxd5 exd5 17. Rac1 Nxe5 18. dxe5 b6 19. Rfd1 g5 20. b4 gxf4 21. exf4 Bb7 22. bxc5 Re8 23. Bg4 Qxc5+ 24. Qxc5 bxc5 25. Rxc5 Bh6 26. g3 Red8 27. Bd4 Rab8 28. Rb1 Ba6 29. Rxb8 Rxb8 30. Rc7 Rb7 31. Be6+ Kh8 32. Rc8+ Kg7 33. Rg8# 1-0